Современные проблемы инноватики: учебное пособие
| Autor principal: | |
|---|---|
| Autor corporatiu: | |
| Sumari: | Заглавие с титульного экрана В пособии изложены основы современной инновационной деятельности в России. Даны основные понятия инновационного менеджмента, содержание и структура инновационного процесса. Рассмотрены способы государственного регулирования инновационной деятельности, классы важнейших технологий XXI века. Показаны состав инновационного процесса, способы управления инновационной деятельностью. Рассматривается интеллектуальная собственность как важнейшая составляющая инновационного процесса. Пособие предназначено для студентов, обучающихся по направлению 222000 "Инноватика". Режим доступа: из корпоративной сети ТПУ |
| Idioma: | rus |
| Publicat: |
Томск, Изд-во ТПУ, 2012
|
| Matèries: | |
| Accés en línia: | http://www.lib.tpu.ru/fulltext2/m/2012/m466.pdf |
| Format: | Electrònic Llibre |
| KOHA link: | https://koha.lib.tpu.ru/cgi-bin/koha/opac-detail.pl?biblionumber=228867 |
MARC
| LEADER | 00000nlm0a2200000 4500 | ||
|---|---|---|---|
| 001 | 228867 | ||
| 005 | 20231101230913.0 | ||
| 035 | |a (RuTPU)RU\TPU\book\249395 | ||
| 090 | |a 228867 | ||
| 100 | |a 20121224d2012 m y0rusy50 ca | ||
| 101 | 0 | |a rus | |
| 102 | |a RU | ||
| 105 | |a a j 001zy | ||
| 135 | |a drcn ---uucaa | ||
| 181 | 0 | |a i | |
| 182 | 0 | |a b | |
| 200 | 1 | |a Современные проблемы инноватики |b Электронный ресурс |e учебное пособие |f В. Э. Зайковский |g Национальный исследовательский Томский политехнический университет (ТПУ) | |
| 203 | |a Текст |c электронный | ||
| 210 | |a Томск |c Изд-во ТПУ |d 2012 | ||
| 230 | |a 1 компьютерный файл (pdf; 796 KB) | ||
| 300 | |a Заглавие с титульного экрана | ||
| 330 | |a В пособии изложены основы современной инновационной деятельности в России. Даны основные понятия инновационного менеджмента, содержание и структура инновационного процесса. Рассмотрены способы государственного регулирования инновационной деятельности, классы важнейших технологий XXI века. Показаны состав инновационного процесса, способы управления инновационной деятельностью. Рассматривается интеллектуальная собственность как важнейшая составляющая инновационного процесса. Пособие предназначено для студентов, обучающихся по направлению 222000 "Инноватика". | ||
| 333 | |a Режим доступа: из корпоративной сети ТПУ | ||
| 337 | |a Adobe Reader | ||
| 606 | 1 | |a Инновации |2 stltpush |3 (RuTPU)RU\TPU\subj\67423 |9 83236 | |
| 610 | 1 | |a электронный ресурс | |
| 610 | 1 | |a труды учёных ТПУ | |
| 610 | 1 | |a инноватика | |
| 610 | 1 | |a инновационная деятельность | |
| 610 | 1 | |a Россия | |
| 610 | 1 | |a учебные пособия | |
| 610 | 1 | |a инновационный менеджмент | |
| 610 | 1 | |a инновационный процесс | |
| 610 | 1 | |a государственное регулирование | |
| 610 | 1 | |a интеллектуальная собственность | |
| 610 | 1 | |a технологии | |
| 610 | 1 | |a 21 век | |
| 610 | 1 | |a информационные технологии | |
| 610 | 1 | |a нанотехнологии | |
| 610 | 1 | |a проектное управление | |
| 610 | 1 | |a инжиниринг | |
| 610 | 1 | |a реинжиниринг | |
| 610 | 1 | |a промышленная собственность | |
| 686 | |a У9(2)0-551я73 |v LBC/SL-A |2 rubbk | ||
| 700 | 1 | |a Зайковский |b В. Э. |c специалист в области менеджмента |c старший преподаватель Томского политехнического университета |g Виктор Эдуардович |2 stltpush |3 (RuTPU)RU\TPU\pers\30243 | |
| 712 | 0 | 2 | |a Национальный исследовательский Томский политехнический университет (ТПУ) |c (2009- ) |2 stltpush |3 (RuTPU)RU\TPU\col\15902 |
| 801 | 1 | |a RU |b 63413507 |c 20121224 | |
| 801 | 2 | |a RU |b 63413507 |c 20130926 |g RCR | |
| 856 | 4 | |u http://www.lib.tpu.ru/fulltext2/m/2012/m466.pdf | |
| 900 | |a Современные проблемы инноватики | ||
| 942 | |c CF | ||